LEADER 01407nam a2200229 i 4500 001 000000011239 003 CaOOAMICUS 005 20220729163406.0 008 180830s1989 it u000 u ita u 040 $aSeMil$bita 245 03$aLa Chiesa Concordiese, 389-1989. 264 3$a[Pordenone] :$bComitato per il 16. Centenario della Cattedrale ;$aFiume Veneto :$bGrafiche Editoriali Artistiche Pordenonesi,$c1989. 300 $a3 v. ;$c28 cm 650 4$aConcordia-Pordenone (Diocesi) - Storia.$0(OLS)http://semarc/subject/23979 774 0 $t1: Concordia e la sua cattedrale.$d[Pordenone] : Comitato per il 16. Centenario della Cattedrale ; Fiume Veneto : Grafiche Editoriali Artistiche Pordenonesi, 1989.$w()124361 774 0 $t2: La diocesi di Concordia-Pordenone.$d[Pordenone] : Comitato per il 16. Centenario della Cattedrale ; Fiume Veneto : Grafiche Editoriali Artistiche Pordenonesi, 1989.$w()124413 774 0 $aDrigo, Adriano$t3: Il Battistero di Concordia.$dFiume Veneto : Grafiche Editoriali Artistiche Pordenonesi, 1992.$w()135518 941 1 $a4 996 $6245$aLa Chiesa Concordiese, 389-1989$9(OLS)http://semarc/title/14848 996 $6264$a[Pordenone] :$bComitato per il 16. Centenario della Cattedrale$9(OLS)http://semarc/publisher/33095 996 $6264$aFiume Veneto :$bGrafiche Editoriali Artistiche Pordenonesi$9(OLS)http://semarc/publisher/33096 LEADER 01036nam a2200217 i 4500 001 000000046151 003 CaOOAMICUS 005 20121008000000.0 008 121008s1984 it u000 u ita u 013 $a17321 040 $aSeMil$bita 245 13$aLa Pieve di Olgiate Olona nel medioevo :$bcenni di storia, urbanistica, architettura, arte. 260 $a[S.l.] :$b[s.n.],$c1984$e(Gazzada :$fPozzi,$g1984) 300 $a95 p. :$bill. ;$c24 cm. 500 $aA pič del front. : Villa Tosi, 12 maggio 24 giugno 1984. - Catalogo della mostra tenuta a Villa Tosi. 650 04$aOlgiate Olona.$0(OLS)http://semarc/subject/5426 700 1 $aBusto Arsizio : Assessorato alla Cultura.$0(OLS)http://semarc/name/22929 850 $aSeMil 852 $aSeMil$W1$xVenegono$y1$m3P V 217$j12306$B12306$CSeMilBibl$Z2$F12306 $81 996 $6245$aLa Pieve di Olgiate Olona nel medioevo :$bcenni di storia, urbanistica, architettura, arte$9(OLS)http://semarc/title/68884 996 $6260$a[S.l.] :$b[s.n.]$9(OLS)http://semarc/publisher/34126